Loreto College Library, Kolkata
WEBOPAC (ONLINE PUBLIC ACCESS CATALOGUE)

Administration of Guidance Services, (Record no. 3145)

MARC details
000 -LEADER
fixed length control field 00662nam a2200217Ia 4500
005 - DATE AND TIME OF LATEST TRANSACTION
control field 20240312094229.0
008 - FIXED-LENGTH DATA ELEMENTS--GENERAL INFORMATION
fixed length control field 131103s9999 xx 000 0 und d
040 ## - CATALOGING SOURCE
Original cataloging agency Loreto College
041 ## - LANGUAGE CODE
Language code English
082 ## - DDC | ডিউই
Classification number | বর্গসংখ্যা 371.4
Book Number | গ্রন্থাঙ্ক HAT
100 ## - MAIN ENTRY--PERSONAL NAME | মুখ্য সংলেখ - ব্যাক্তিনাম
Personal name | ব্যাক্তিনাম Hatch,Raymond N.
245 ## - TITLE STATEMENT | অাখ্যা বিবরণী
Title | অাখ্যা Administration of Guidance Services,
Sub title | উপঅাখ্যা
Statement of responsibility | লেখকের দায়িত্বের বিবরণ Raymond N.Hatch and Buford Steffire
250 ## - EDITION STATEMENT | সংস্করণ ক্ষেত্র
Edition statement | সংস্করণ organization, supervision evaluation
260 ## - IMPRINT | প্রকাশনা ক্ষেত্র
Place of publication | প্রকাশ স্থান Englewood Cliffs
Name of publisher | প্রকাশকের নাম Prertice - Hall
Date of publication | প্রকাশ কাল 1958
300 ## - PHYSICAL DESCRIPTION |
Page / Vol. No | পৃষ্ঠা / খন্ড সংখ্যা ix,499 p.
Other physical details | অনান্য বাহ্যিক বিবরণ ill.,tables
504 ## - BIBLIOGRAPHY, ETC. NOTE
Bibliography, etc Sixth printing 1964
650 ## - SUBJECT ADDED ENTRY--TOPICAL TERM | বিষয় শিরোনাম - মূল বিষয়
Topical term | মূল বিষয় Student Guidance and Counseling
700 ## - ADDED ENTRY--PERSONAL NAME | অতিরিক্ত সংলেখ - ব্
Personal name | ব্যাক্তিনাম Steffire, Buford,auth.
850 ## - HOLDING INSTITUTION
Holding institution LCLIB
942 ## - ADDED ENTRY ELEMENTS (KOHA)
Koha item type Books
Holdings
Withdrawn status Lost status Source of classification Damaged status Not for loan Home library Current library Date acquired Total Checkouts Full call number Accession No. Date last seen Price effective from Koha item type Coded location qualifier
    Dewey Decimal Classification     Loreto College Loreto College 04/11/2013   371.4 HAT 14104 B3008 04/11/2013 04/11/2013 Books